000
00308nam a22001337a 4500
008
181017b xxu||||| |||| 00| 0 eng d
020
_a
0801658187
041
_a
eng
080
_a
610
100
_a
6
101
_a
ANE
245
_a
Principles and Practice of Anesthesiology
_c
Rogers,M.C
942
_2
udc
_c
BK
999
_c
50047
_d
50047